MARC details
| 000 -CABECERA |
| campo de control de longitud fija |
02531nam a2200325 a 4500 |
| 001 - NÚMERO DE CONTROL |
| campo de control |
000047547 |
| 003 - IDENTIFICADOR DEL NÚMERO DE CONTROL |
| campo de control |
OSt |
| 005 - FECHA Y HORA DE LA ÚLTIMA TRANSACCIÓN |
| campo de control |
20250227073855.0 |
| 008 - DATOS DE LONGITUD FIJA--INFORMACIÓN GENERAL |
| campo de control de longitud fija |
090630s2016 dr r 000 0 spa d |
| 020 ## - NÚMERO INTERNACIONAL ESTÁNDAR DEL LIBRO |
| Número Internacional Estándar del Libro |
9789945582413 |
| 040 ## - FUENTE DE LA CATALOGACIÓN |
| Centro catalogador/agencia de origen |
DO-SdBNP |
| Lengua de catalogación |
spa |
| Centro/agencia transcriptor |
BNPHU |
| 082 #4 - NÚMERO DE LA CLASIFICACIÓN DECIMAL DEWEY |
| Número de clasificación |
330.97293 |
| Número de documento/Ítem |
C744n, 2015 |
| Número de edición |
22 |
| 111 1# - ENTRADA PRINCIPAL--NOMBRE DE CONGRESO/REUNIÓN |
| Nombre de congreso/reunión o jurisdicción como elemento de entrada |
Concurso Biblioteca Juan Pablo Duarte |
| 9 (RLIN) |
6999 |
| Número del congreso/reunión o número de parte o sección |
2015 |
| 245 10 - MENCIÓN DE TÍTULO |
| Título |
Nueva literatura económica dominicana : |
| Resto del título |
premios del Concurso de Economía Biblioteca "Juan Pablo Duarte", 2015 / |
| Mención de responsabilidad, etc. |
Marvin Cardosa Espinosa ... [et al.] ; edición José Alcántara Almánzar ... [et al.]. |
| 260 ## - PUBLICACIÓN, DISTRIBUCIÓN, ETC. |
| Lugar de publicación, distribución, etc. |
Santo Domingo : |
| Nombre del editor, distribuidor, etc. |
Banco Central de la República Dominicana, |
| Fecha de publicación, distribución, etc. |
2016. |
| 300 ## - DESCRIPCIÓN FÍSICA |
| Extensión |
xx, 304 p. ; |
| Dimensiones |
23 cm. |
| 490 1# - MENCIÓN DE SERIE |
| Mención de serie |
Banco Central de la República Dominicana |
| Designación de volumen o secuencia |
229 |
| Mención de serie |
Nueva literatura económica dominicana |
| Designación de volumen o secuencia |
20 |
| 500 ## - NOTA GENERAL |
| Nota general |
Incluye referencias bibliográficas y notas al pie de las páginas |
| 505 0# - NOTA DE CONTENIDO CON FORMATO |
| Nota de contenido con formato |
Presentación -- |
| Título |
Introducción -- |
| Información miscelánea |
Primera parte. |
| Título |
Duración y recurrencia del desempleo en la República Dominicana / |
| Mención de responsabilidad |
Marvin Cardosa Espinosa |
| Información miscelánea |
Segunda parte : |
| Título |
Eficiencia y regulación bancaría : una aplicación de la envolvente de datos y modelo de variables censuradas para República Dominicana -- |
| Mención de responsabilidad |
Carlos Alberto Delgado Urbáez, Yocauris García Rodríguez |
| Título |
Tercera parte : |
| -- |
Desajuste educativo : Incidencia y efecto sobre los salarios y la pruductividad, 2010-2014/ |
| Mención de responsabilidad |
Evalina Gómez Paulino, Carmen Altagracia García Berigüete -- |
| Información miscelánea |
Cuarta parte : |
| Título |
Vulnerabilidad, contagio y centralización. Medidas de riesgo sistémico para la banca Múltiple en República Dominicana / |
| Mención de responsabilidad |
Marco PorfirioMartínez Polanco, Marcos Antonio Noyola Rincón. |
| Información miscelánea |
Quinta parte : |
| Título |
Contagio y Dinámica temporal de la volatilidad del tipo de cambio dominicano : un enfoque GARCH multivariante (2000-2015) / |
| Mención de responsabilidad |
Nerys F. Ramírez. |
| 590 ## - NOTA LOCAL (RLIN) |
| Nota local |
Inventariado, 2018/ VM |
| 650 #4 - PUNTO DE ACCESO ADICIONAL DE MATERIA--TÉRMINO DE MATERIA |
| Término de materia o nombre geográfico como elemento de entrada |
Finanzas |
| Subdivisión geográfica |
República Dominicana |
| Subdivisión de forma |
Congresos, conferencias, etc. |
| 9 (RLIN) |
75176 |
| 650 #4 - PUNTO DE ACCESO ADICIONAL DE MATERIA--TÉRMINO DE MATERIA |
| Término de materia o nombre geográfico como elemento de entrada |
Política monetaria |
| Subdivisión geográfica |
República Dominicana |
| Subdivisión de forma |
Congresos, conferencias, etc. |
| 9 (RLIN) |
6378 |
| 651 #4 - PUNTO DE ACCESO ADICIONAL DE MATERIA--NOMBRE GEOGRÁFICO |
| Nombre geográfico |
República Dominicana |
| Subdivisión general |
Condiciones Económicas |
| Subdivisión de forma |
Congresos, conferencias, etc. |
| 9 (RLIN) |
7000 |
| 651 #4 - PUNTO DE ACCESO ADICIONAL DE MATERIA--NOMBRE GEOGRÁFICO |
| Nombre geográfico |
República Dominicana |
| Subdivisión general |
Política económica |
| Subdivisión de forma |
Congresos, conferencias, etc. |
| 9 (RLIN) |
7001 |
| 700 1# - PUNTO DE ACCESO ADICIONAL--NOMBRE DE PERSONA |
| Nombre de persona |
Carsosa Espinosa, Marvin |
| 9 (RLIN) |
75178 |
| 700 1# - PUNTO DE ACCESO ADICIONAL--NOMBRE DE PERSONA |
| Nombre de persona |
Alcántara Almánzar, José |
| Fechas asociadas al nombre |
1946- |
| Término indicativo de función/relación |
ed. |
| 9 (RLIN) |
7018 |
| 830 #0 - PUNTO DE ACCESO ADICIONAL DE SERIE-TÍTULO UNIFORME |
| Título uniforme |
Banco Central de la República Dominicana ; |
| Designación de volumen o secuencia |
229 |
| Nombre de parte o sección de la obra |
Nueva literatura económica dominicana |
| Número de parte o sección de la obra |
20 |
| 9 (RLIN) |
75179 |
| 910 ## - DATOS DE OPCIÓN DEL USUARIO (OCLC) |
| Datos de opción del usuario |
Validado. Control de calidad. MFF |
| 942 ## - ELEMENTOS DE PUNTO DE ACCESO ADICIONAL (KOHA) |
| Fuente del sistema de clasificación o colocación |
Dewey Decimal Classification |
| Tipo de ítem Koha |
Libro |